|
|
|
|
| LEADER |
00000nam a2200000 a 4500 |
| 001 |
vtls009485211 |
| 003 |
SK-MaSNL |
| 005 |
20260301024700.0 |
| 008 |
240314s2008 xo dl f 000 0 slo |
| 015 |
|
|
|a SNBA2009/05-02173
|
| 020 |
|
|
|a 9788089313075
|q (brož.)
|
| 035 |
|
|
|a 4B5D2A57-9289-409D-A748-68A0D83D0AB7
|
| 035 |
|
|
|a urn:nbn:sk:snk-amk86d
|
| 035 |
|
|
|a urn:nbn:sk:snk-am003cae
|
| 040 |
|
|
|a SNK
|b slo
|c SNK
|e AACR2
|
| 041 |
0 |
|
|a slo
|
| 044 |
|
|
|a xo
|c SK
|
| 072 |
|
7 |
|a 621
|x Strojárstvo
|2 konspekt
|
| 080 |
|
|
|a 621.43
|2 2001
|
| 080 |
|
|
|a (048.8)
|2 2001
|
| 100 |
1 |
|
|a Polóni, Marián,
|d 1948-
|4 aut
|9 160548
|
| 245 |
1 |
0 |
|a Teória preplňovania spaľovacích motorov
|c Marián Polóni
|
| 250 |
|
|
|a [1. vyd.]
|
| 260 |
|
|
|a Bratislava
|b Slovenská technická univerzita
|c 2008
|
| 300 |
|
|
|a 175 s.
|b grafy, sch., tab.
|c 24 cm
|
| 504 |
|
|
|a Bibliogr. s. 171-175
|
| 650 |
0 |
7 |
|a preplňovanie
|2 SNKPH
|9 319153
|
| 650 |
0 |
7 |
|a Internal combustion engines
|2 SNKPHeng
|9 305121
|
| 650 |
0 |
7 |
|a spaľovacie motory
|2 SNKPH
|9 67366
|
| 655 |
|
7 |
|a monografie
|2 SNKPH
|9 70139
|
| 655 |
|
7 |
|a Monographs
|2 SNKPHeng
|9 120675
|
| 919 |
|
|
|a 978-80-89313-07-5
|
| 958 |
|
|
|a NB
|
| 958 |
|
|
|a OND
|
| 968 |
|
|
|d 62
|
| 999 |
|
|
|c 571613
|d 573543
|
| 952 |
|
|
|a SNK
|b SNK
|y PREZ
|7 0
|p 17A0615348
|o snkSC 135013
|i snk2009/5817
|8 0
|0 0
|1 0
|4 0
|d 2009-03-19
|f 1
|l 0
|r 2025-07-01 00:00:00
|w 2026-02-23
|
| 952 |
|
|
|a SNK
|b SNK
|y VYP
|7 0
|p 17A0615349
|o snkSC 135013 D1
|i snk2009/5818
|8 0
|0 0
|1 0
|4 0
|d 2009-03-19
|l 0
|r 2026-02-23 14:19:09
|w 2026-02-23
|